| 000 | 00818nam a22002655i 4500 | ||
|---|---|---|---|
| 001 | 13148 | ||
| 003 | ES-MaACL | ||
| 005 | 20260115175527.0 | ||
| 007 | t| | ||
| 008 | 951129s1993 sp ||||0| cat j | ||
| 020 | _a84-7533-847-X | ||
| 040 |
_aM-BN _bspa _cM-BN |
||
| 080 | _a849.9-821"19" | ||
| 100 | 1 |
_aFoix, J. V. ( _d1894-1987) _951423 |
|
| 245 | 1 | 0 |
_aAntologia / _cJ.V. Foix ; edició a cura de Fina Dantí. |
| 250 | _a1ª ed. | ||
| 260 |
_aBarcelona : _bBarcanova, _c1993. |
||
| 300 |
_a239 p : _bil ; _c21 cm. |
||
| 490 | 1 |
_aBiblioteca didáactica de literatura catalana ; _v33 |
|
| 504 | _aBibliografía: p. 230-233. | ||
| 700 | 1 |
_aDantí, Fina. _942663 |
|
| 830 | 0 |
_aBiblioteca didáctica de literatura catalana _v33 _9178889 |
|
| 852 |
_aES-MaACL _jL-20497 _bR.121977 |
||
| 999 |
_c13148 _d13148 |
||